[Event "Barcelona Casino"]
[Site "Barcelona"]
[Date "2005.10.25"]
[Round "2"]
[White "Ivanchuk, Vassily"]
[Black "Illescas Cordoba, Miguel"]
[Result "1-0"]
[WhiteElo "2748"]
[BlackElo "2607"]
[Annotator "Ribli,Z"]
[PlyCount "85"]
[EventDate "2005.10.24"]
[EventType "tourn"]
[EventRounds "5"]
[EventCountry "ESP"]
[EventCategory "15"]
[SourceTitle "CBM 110"]
[Source "ChessBase"]
[SourceDate "2006.01.31"]
[SourceVersion "1"]
[SourceVersionDate "2006.01.31"]
[SourceQuality "1"]

1. Nf3 Nf6 2. c4 c5 3. Nc3 Nc6 4. g3 d5 5. d4 {Diese seinerzeit große Neuerung
von Tal in der Partie Tal,M-Timman,J Montpellier,1985 ist noch heute in Mode.
Die andere Variante ist 5.cxd5 Nxd5 6.Bg2 Nc7.} cxd4 {Dieser Zug wird
heutzutage weniger gespielt, die Alternative ist populärer.} (5... e6 6. cxd5
Nxd5 7. Bg2 cxd4 8. Nxd4 Nxc3 9. bxc3 Nxd4 10. Qxd4 Qxd4 11. cxd4 Bb4+ 12. Bd2
Bxd2+ 13. Kxd2 Ke7 14. Rhc1 Rd8) 6. Nxd4 dxc4 7. Nxc6 Qxd1+ 8. Nxd1 bxc6 9. Bg2
Nd5 10. Ne3 Ba6 (10... e6 $5 11. Nxc4 Ba6) 11. Nxd5 cxd5 12. Bxd5 Rc8 13. Bd2
e6 14. Be4 $5 {Der Läufer steht aktiver auf e4, als auf g2 und provoziert
Schwarz zu dem Zug f7-f5.} (14. Bf3 Bc5 $5 15. Bc3 f6 (15... O-O 16. O-O Bb5
17. Rfd1 Rfd8 18. Rxd8+ Rxd8 19. e3 $14 f6 20. Be2 Rb8 21. a4 Ba6 22. Rd1 $14 {
1-0 Xu,J-Alterman,B/Yerevan (ol) 1996/(72)}) 16. O-O-O (16. e3 Ke7 17. O-O-O
Bb5 (17... Rb8 18. Rd2 Bb7 19. Bxb7 Rxb7 20. Rhd1 Re8 21. Rc2 $14 {1/2-1/2
Barrero Garcia,C-Franco Ocampo,Z/Dos Hermanas 1998/EXT 99 (31)}) 18. Rd2 Ba4 (
18... Rc7 19. Ba5 Bb6 20. Bc3 Bc5 21. h4 h5 22. Be4 Ba4 23. Rg1 $1 Be8 24. g4
$5 {1/2-1/2 Kallai,G-Palkovi,J/Balatonbereny 1996/CBM 55/[Ribli] (45)}) 19. h4
Rc7 20. h5 Rb8 21. Rh4 Bb4 22. Bxb4+ Rxb4 23. Rdd4 $14 {1/2-1/2 Vaganian,
R-Kamsky,G/Manila 1992/TD (43) Ribli.}) 16... Ke7 17. Bd4 Bb6 18. Bxb6 axb6 19.
Kc2 Rc5 20. Kc3 Rhc8 21. Rd4 Rd8 22. Rhd1 Rxd4 23. Rxd4 g6 24. h4 f5 25. Bg2
Rc8 26. f4 Rc5 27. Bf3 h6 28. a4 Rc8 29. e4 {1-0 Cyborowski,L-Wojtaszek,R/
Lubniewice 2005/ (37)}) 14... Bc5 15. Bc3 O-O $6 {Dieser Zug gefällt mir nicht
- ohne Damen auf dem Brett wäre es besser für Schwarz mit dem König in der
Nähe des Zentrums zu bleiben.} (15... f6 $5 16. e3 Ke7 17. O-O-O Bb5 18. h4 h5
19. Rd2 {1/2-1/2 Hjartarson,J-Arnason,J/Nordic zt 1992/CBM 31/[Ribli] (30)})
16. e3 Rfd8 17. Rd1 Bb5 18. Ke2 $5 {[%csl Yc4,Ge2] Der König steht gut in der
Mitte. Weiß hat eine gesunde Bauernstruktur. Der Zielpunkt des weißen Spiels
ist der schwache c4P.} (18. Rxd8+ Rxd8 19. O-O Be7 20. Bf3 Bf6 21. Bxf6 gxf6
22. Rd1 Rb8 23. Rd2 Kf8 24. Kg2 Ke7 25. Be2 Rc8 26. Rc2 {1-0 Shevelev,
A-Shevelev,A/Paris 1996/EXT 97 (80)}) 18... Ba4 19. Rxd8+ Rxd8 20. Rc1 {
[%cal Gc1c4][%mdl 4096]} f5 21. Bf3 Kf7 22. Ke1 {[%cal Gf3e2,Ge2c4] Mit diesem
Zug bereitet Weiß 23.Be2 vor.} Bb5 23. Be2 a6 $2 {[%mdl 8192] Schwarz sichert
seine b5-Läuferstellung, aber verliert einen wichtigen Bauern.} (23... Rc8 $142
24. Be5 $14 (24. Bd2 Be7 25. b3 cxb3 26. Rxc8 b2 27. Rc1 bxc1=Q+ 28. Bxc1 $11))
24. Bd2 {[%csl Rc4]} Bd6 25. Bxc4 $16 Be5 26. b3 Ra8 27. a4 Bxc4 (27... Bd7 28.
Ke2) 28. Rxc4 Rb8 29. Rb4 (29. b4 $16) 29... g5 (29... Rc8 30. Rb6 $18) 30.
Rxb8 Bxb8 31. Ke2 Ke8 32. e4 $1 g4 (32... h6) 33. exf5 exf5 34. Bf4 $18 Ba7 (
34... Bxf4 35. gxf4 $18) 35. Be3 Bb8 36. Kd3 Kd7 37. Kc4 Ke6 (37... Kc6 38. b4
$18) 38. b4 h5 39. b5 axb5+ 40. Kxb5 Kd5 41. a5 Ke4 42. a6 h4 (42... Kf3 43.
Kb6 $1 $18 (43. a7 Bxa7 44. Bxa7)) 43. gxh4 1-0

[Event "FIDE World Cup KO (Women)"]
[Site "Shenyang"]
[Date "2000.09.08"]
[Round "1.2"]
[White "Xu, Yuhua"]
[Black "Wang, Yu"]
[Result "1-0"]
[WhiteElo "2505"]
[BlackElo "2401"]
[Annotator "Ribli,Z"]
[PlyCount "99"]
[EventDate "2000.09.07"]
[EventType "k.o."]
[EventRounds "4"]
[EventCountry "CHN"]
[SourceTitle "CBM 079"]
[Source "ChessBase"]
[SourceDate "2000.11.21"]
[SourceVersion "1"]
[SourceVersionDate "2000.11.21"]
[SourceQuality "1"]

1. Nf3 Nf6 2. c4 c5 3. Nc3 d5 {Diese Fortsetzung wird zwar selten gespielt,
ist aber sehr gut spielbar. Auf den ersten Blick scheint es nicht logisch,
dass Schwarz diie Stellung so frühzeitig öffnet, aber in den konkreten
Varianten zeigen sich gute praktische Ausgleichschancen für Schwarz .} 4. cxd5
Nxd5 5. d4 cxd4 {Nach diesem Zug kann Weiß seine Dame aktivieren.} (5... Nxc3
6. bxc3 g6 {Auf diese Weise kann Schwarz in die Grünfeldindische Verteidigung
überleiten.}) (5... e6) 6. Qxd4 Nxc3 7. Qxc3 {[%csl Gc3][%cal Gc3h8] Die Dame
steht ausgezeichnet auf c3 und verhindert die normale Entwicklung des
schwarzen Königsflügels.} Nc6 8. e4 Bg4 {Meiner Meinung nach ist dieser
scheinbar aktive Läuferzug nicht so stark wie das moderatere 8...e6.} (8... e6
9. Bb5 Bd7 10. O-O Qb6) 9. Bb5 (9. Be3 Bxf3 10. gxf3 a6 11. Rd1 Qc7 12. Rg1 e6
13. a3 Rd8 14. Rxd8+ Kxd8 15. f4 Kc8 16. Bd3 f6 17. Bc4 {1-0 Akesson,R-Votava,
J/Rilton Cup, Stockholm SWE 2000 (41)}) 9... Rc8 10. Bf4 (10. Be3 a6 (10...
Bxf3 11. gxf3 a6 12. Rd1 Qc7 13. Bxc6+ Qxc6 14. Qd4 f6 15. O-O e5 16. Qa7 Be7
17. Rc1 Qd7 18. Rxc8+ Qxc8 19. Rc1 Qd7 20. Qa8+ $1 {1-0 Portisch,L-Huebner,R/
Montreal 1979/MCL/[ChessBase] (39)}) 11. Rd1 Qc7 12. Ba4 $1 b5 13. Bb3 e6 14.
O-O Bxf3 15. gxf3 Qe5 16. Qxe5 Nxe5 17. Rc1 $1 Rxc1 18. Rxc1 Kd7 19. f4 Nc6 20.
f5 {1-0 Belov,I-Hudecek,J/Karvina 1992/EXT 97 (58)}) 10... Bxf3 (10... a6 $2
11. Rd1 Qb6 12. Ba4 f6 13. O-O $16 {1-0 Gelfand,B-Beliavsky,A/Reggio Emilia
1991/Inf 53/[Gelfand,B; Kapengut,A] (27)}) (10... Qb6 11. a4 Bxf3 12. Qxf3 a6
13. Be3 Qc7 14. Bxc6+ Qxc6 15. O-O Qf6 16. Rac1 Rc6 17. Rxc6 Qxc6 18. Rc1 Qxa4
19. Qf5 {1-0 Olafsson,H-Hansen,T/Gentofte 1999/CBM 73 no vc (27)}) 11. gxf3 {
Weiß hat zwar einen Doppelbauern auf der f-Linie, aber das ist nicht von
allzugroßer Bedeutung. Im Moment ist noch unklar, wie Schwarz seinen
Königsflügel entwickeln soll.} Qb6 (11... f6 12. O-O e5 13. Be3 a6 14. Rfd1 Qe7
15. Ba4 $5 (15. Bxc6+ Rxc6 16. Qb3 Qb4 17. Qd5 Bd6 $13) 15... Qb4 16. Qxb4 Bxb4
17. Rac1 $14) 12. Qd3 Rd8 (12... e6 13. O-O-O Rd8 14. Qxd8+ Qxd8 15. Rxd8+ Kxd8
16. Rd1+ $14) 13. Qc4 e5 $6 {Mit dem Textzug opfert Schwarz einen Bauern, um
seinen Läufer zu aktivieren. Ich habe Zweifel daran, dass dieses Opfer völlig
korrekt ist. Im Falle seiner Wiederlegung wird zudem der Punkt d5 schwach.} (
13... e6) (13... Rd4 14. Qe2 $14) 14. Be3 $5 (14. Bxe5 Bc5 (14... Bb4+ $2 15.
Qxb4 $18) 15. O-O O-O $44) 14... Qc7 15. Bxc6+ bxc6 (15... Qxc6 16. Qxc6+ bxc6
17. Rc1 $14 {[%csl Rc6] Das ist interessant - Weiß hat einen Doppelbauern, und
doch ist die schwarze Bauernstruktur viel schwächer und leichter anzugreifen.})
16. Qa4 Bd6 $6 (16... Be7) 17. Rg1 {[%cal Rg1g7]} g6 (17... O-O $2 18. Bh6 $18)
18. Ke2 {[%csl Ge2] Der König steht gut im Zentrum.} O-O 19. Rac1 $14 {[%mdl
32] Weiß übt spürbar positionellen Druck am Damenflügel aus.} c5 (19... Rc8 20.
Qxa7 (20. Rc4 $14) 20... Qxa7 21. Bxa7 Ra8 22. Rxc6 Rxa7 23. Rxd6 $16) (19...
Rb8 20. b3 c5) 20. Rgd1 f5 $2 {[%mdl 8192] Schwarz möchte sich schnell aus der
etwas passiven Stellung befreien, aber nach diesem Zug wird sein Königsflügel
zu sehr geschwächt.} (20... Qb6 $14) {[#]} 21. Bxc5 $1 {Mit dieser kleinen
Kombination gewinnt Weiß einen Bauern.} Bxc5 22. Rxd8 (22. Qc4+ Kh8 23. Rxd8
$16) 22... Qxd8 (22... Rxd8 23. Qc4+ Kh8 24. Qxc5 $16) 23. Rxc5 $16 fxe4 (23...
Qb6 24. Qc4+ Rf7 25. Rb5 $16) 24. Qxe4 {[%csl Re5]} (24. Qc4+ $5 Kh8 25. Qxe4
$16) 24... Qb8 25. Qc4+ Kh8 26. Qc3 {[%csl Re5] Schwarz hat eine neue Schwäche
in seiner Stellung. Der Pe5 ist nicht zu halten.} Re8 27. f4 Kg8 28. fxe5 {
Weiß hat schon zwei Bauern mehr - sein einziges Problem ist die exponierte
Stellung seines Königs.} (28. Rxe5 Rc8) 28... Qd8 29. Qc4+ Kh8 30. Kf1 {
Es ist nur allzu verständlich, dass Weiß seinen König aus der e-Linie
entfernen möchte.} Qa8 {[%cal Ga8h1]} 31. Qd5 Qb8 {Wenn Schwarz praktische
Gegenchancen behalten will, muss er die Damen auf dem Brett halten.} 32. b3 Rd8
33. Qf3 (33. Qe6 $16) 33... Rf8 34. Qc3 {[%cal Gc3h8]} Qb7 35. e6+ Kg8 36. Rc6
{Weiß ist immer einen Schritt voraus. Schwarz hat nur ein paar
Pseudo-Drohungen, nichts weiter.} a5 37. Qc4 Kh8 38. Qc5 Kg8 39. e7 $18 Re8 40.
Qd5+ Kh8 (40... Kg7 41. Rxg6+ {[%cal Rd5b7,Rg6g7]}) 41. Qe5+ Kg8 42. Rc7 {
Schritt für Schritt hat Weiß eine Gewinnstellung erreicht - der Pe7
paralysiert die schwarze Verteidigung.} Qa6+ 43. Kg1 Qd3 {[%cal Gd3d1]} 44.
Qe6+ (44. Kg2 $18) 44... Kg7 45. Rd7 Qb1+ 46. Kg2 Qc1 47. Qe5+ (47. Rd8 $2 Qg5+
48. Kf1 Rxd8 $14) 47... Kf7 48. Qxa5 {Mit dieser einfachen Fortsetzung gewinnt
Weiß sofort.} Rxe7 (48... Qc6+ 49. Qd5+ $18) 49. Qd5+ Kf8 50. Qf3+ (50. Qf3+
Ke8 51. Rxe7+ Kxe7 52. Qe3+ $18) 1-0

[Event "George Marx Memorial 2nd"]
[Site "Paks"]
[Date "2004.06.13"]
[Round "8"]
[White "Acs, Peter"]
[Black "Berkes, Ferenc"]
[Result "0-1"]
[WhiteElo "2548"]
[BlackElo "2613"]
[Annotator "Ribli,Z"]
[PlyCount "80"]
[EventDate "2004.05.05"]
[EventType "tourn"]
[EventRounds "10"]
[EventCountry "HUN"]
[EventCategory "14"]
[SourceTitle "CBM 102"]
[Source "ChessBase"]
[SourceDate "2004.09.23"]
[SourceVersion "1"]
[SourceVersionDate "2004.09.23"]
[SourceQuality "1"]

1. c4 Nf6 2. Nc3 c5 3. g3 d5 4. cxd5 Nxd5 5. Bg2 Nc7 6. Qa4+ Bd7 $5 {Mit
dieser Fortsetzung opfert Schwarz eigentlich einen Bauern. Der gewöhnliche Zug
wäre 6...Qd7.} (6... Qd7) 7. Qb3 (7. Qc4 Nc6 8. Qxc5 e5 $36) 7... Nc6 (7... Bc6
8. Nf3 (8. Bxc6+ Nxc6 9. Qxb7 Nd4 10. Nf3 (10. Qe4 f5 11. Qb1 Qd7 12. Nf3 Nxf3+
13. exf3 g6 $44) 10... Rb8 11. Qe4 f5 12. Qd3 g6 (12... Qd6 13. b3 e5 14. Ba3
Qc6 $44) 13. O-O Bg7 $44) 8... e6 9. O-O Be7) 8. Qxb7 Nd4 (8... Rb8 $4 9. Qxc6
$18) 9. Qe4 (9. Kf1 e6 10. e3 Rb8 11. Qe4 f5 12. Qb1 Ndb5 13. Qc2 Be7 14. f4
O-O 15. Nf3 Nxc3 16. bxc3 Bc6 17. Kf2 c4 $44 {1-0 Torres Maesso,P-Nuevo Perez,
A/Dos Hermanas 2001/EXT 2002 (34)}) 9... g6 $5 {Schwarz bereitet 10...Bg7 vor.
Diese Läuferentwicklung scheint mir viel stärker zu sein als die Platzierung
des Läufers auf e7 (nach 9...e6).} (9... e6 10. Qb1 Rb8 11. e3 Bc6 12. Ne4 f5
$13) 10. Qb1 Bg7 11. e3 (11. Bxa8 Qxa8 12. f3 {Weiß hat großen Materialvorteil
- einen Bauern und eine Qualität mehr - hat Schwarz wirklich ausreichende
Kompensation?}) 11... Nc6 12. Nge2 O-O (12... c4 13. O-O Ne5 14. Bxa8 Qxa8 $44)
13. O-O Rb8 14. Rd1 Nb5 {Schwarz bringt seinen passiven Springer c7 ins Spiel,
was eine eine ganz logische Idee ist.} (14... e5 15. b3 Qc8 16. Ba3 Nb4 17. d3
Rd8 18. Ne4 Nb5 19. Bb2 Bg4 20. f3 $14 {0-1 Komljenovic,D-Vareille,F/Bourbon
Lancy 1998/EXT 2000 (76)}) (14... c4) 15. Nxb5 Rxb5 16. Nc3 Rb8 $44 {[%csl Rb1,
Rc1][%cal Gb8b1,Gg7a1] Schwarz hat positionellen Druck für den Bauern und es
ist noch nicht leicht für Weiß seinen Damenflügel zu entwickeln.} 17. Qd3 $6 (
17. Ne4 Ne5 $1 (17... Qb6 18. d3) (17... Bf5 $44) 18. Nxc5 Bg4 19. Rf1 Nf3+ 20.
Bxf3 Bxf3 21. d4 Qc8 22. Nd3 e5 $36) (17. Qe4 $142 Nb4 18. Qc4 Qb6 19. Qe2 $13)
17... Ne5 (17... Nb4 18. Qe2 Bf5 $44) 18. Qf1 c4 {[%csl Yd3][%cal Ge5d3]} 19.
d4 {Mit diesem Bauernopfer möchte Weiß endlich die Entwicklung des
Damenflügels beginnen.} cxd3 (19... Nd3 $2 20. b3 $14) 20. f4 {[#]} Bg4 $5 {
[%mdl 2048]} 21. Rd2 (21. fxe5 Bxd1 22. Qxd1 Bxe5 23. Be4 (23. Qd2 Qd7 24. b3
Bxc3 25. Qxc3 Rfc8 26. Qe1 Rc2 27. Bd2 $15) 23... d2 24. Bxd2 Rxb2 25. Be1 Qxd1
26. Rxd1 e6 $15) 21... Nc4 22. Rxd3 Qa5 23. Nd5 (23. Qf2 Rfd8 $44 (23... Rfc8
$44) (23... e5 $44)) 23... Qc5 (23... Rfe8 $5) 24. Rb1 Nxb2 (24... Bf5 $2 25.
b4 Bxd3 26. Qxd3 $18) 25. Rb3 (25. Bxb2 $5 Bxb2 (25... Rxb2 26. Rxb2 Bxb2 27.
Rb3) 26. Rb3 Rxb3 27. axb3 Qc2 $5 28. Nxe7+ Kg7 29. Nc6 Bf5 30. Re1 Qxb3 31.
Nd4 Bxd4 32. exd4 $11) 25... Rxb3 (25... e6 26. Bxb2) 26. axb3 Nd1 $5 {[%csl
Gd1,Gg4,Gg7][%mdl 64] Eine agressive Fortsetzung, die sehr unangenehm für Weiß
ist, besonders mit beschränkter Bedenkzeit.} (26... e6 27. b4 Qc2) 27. Qc4 Qd6
28. Bd2 $6 {Weiß spielt gegen den Springer d1, aber das ist nicht die beste
Fortsetzung.} (28. h3 e6 (28... Be6 29. Ba3 Qxa3 30. Rxd1) 29. Qc6 Qxc6 30.
Ne7+ Kh8 31. Nxc6 Bf5 32. e4 Nc3 33. Ba3 Nxb1 34. Bxf8 Bxf8 35. exf5 gxf5 $11)
(28. Qc6 Nc3 29. Qxd6 exd6 30. Nxc3 Bxc3 31. Ba3 $11) 28... e6 {[%csl Rd5]} 29.
Qc6 Qd8 $1 {Natürlich, Schwarz darf die Damen nicht tauschen.} 30. h3 Be2 {
[%csl Gd1,Rd5,Gd8,Ge2,Gg7] Schwarz hat aktives Figurenspiel und deutlichen
positionellen Druck.} 31. Bf1 Bxf1 32. Kxf1 Nb2 $1 {[%csl Gb2]} 33. Bb4 (33.
Bc3 Bxc3 34. Nxc3 Qd3+ 35. Kg2 Qc2+ 36. Kf3 (36. Kg1 Rd8) 36... Nd3 $36) 33...
exd5 $1 $17 (33... Qxd5 34. Qxd5 exd5 35. Bxf8 Kxf8 36. Ra1 (36. Ke2 a5 37. Ra1
) 36... Nc4 37. Rxa7) (33... Re8 34. Ba5 Qb8 35. Bc7 Qc8 36. Nb4) 34. Bxf8 Qxf8
$1 (34... Kxf8 35. Ra1 (35. Rc1) (35. Qc2 Qd7 36. Kg2 Qe6 37. Rxb2 Bxb2 38.
Qxb2 Qxe3)) 35. Qxd5 Qc8 {[%csl Gc8][%cal Rc8c2,Rc8h3]} 36. Qd2 $2 $138 {
Dieser Zug ist schlecht, aber guter Rat ist schon teuer.} (36. Kg1 $8 h5 $1 (
36... Qxh3 37. Qd8+ Bf8 38. Rxb2 Qxg3+ 39. Kf1 Qxe3 $15) 37. f5 $5 Qc7 $1 38.
Qa8+ Kh7 39. Qf3 Qb6 $17) 36... Qxh3+ 37. Qg2 Qc8 $19 {[%csl Rf1][%cal Gc8a6,
Ga6f1,Gc8c1]} 38. Qd2 Qa6+ (38... Bc3 39. Rc1 (39. Qc2 Qh3+ 40. Qg2 Qg4 $19)
39... Qa6+ 40. Qe2 Qb7 41. Rxc3 Qh1+ 42. Kf2 Nd1+ $19) 39. Qe2 (39. Kg1 h5 $19)
39... Qb7 {[%cal Rb7h1,Rh1b1]} 40. Qg2 (40. Rxb2 Bxb2 41. Qxb2 Qh1+ 42. Kf2
Qh2+ $19) 40... Qxb3 0-1

[Event "Debrecen"]
[Site "Debrecen"]
[Date "1990.??.??"]
[Round "8"]
[White "Wojtkiewicz, Aleksander"]
[Black "Horvath, Jozsef"]
[Result "1/2-1/2"]
[WhiteElo "2550"]
[BlackElo "2525"]
[Annotator "Ribli,Z"]
[PlyCount "70"]
[EventDate "1990.06.??"]
[EventType "tourn"]
[EventRounds "11"]
[EventCountry "HUN"]
[EventCategory "13"]
[SourceTitle "CBM 020"]
[Source "ChessBase"]
[SourceDate "1991.02.01"]
[SourceVersion "1"]
[SourceVersionDate "1991.02.01"]
[SourceQuality "1"]

1. Nf3 Nf6 2. c4 c5 3. g3 Nc6 4. Bg2 d5 5. cxd5 Nxd5 6. Nc3 Nc7 7. Qa4 Bd7 8.
Qe4 g6 9. Ne5 Bg7 10. Nxd7 Qxd7 11. a3 O-O 12. Rb1 Rad8 13. O-O e6 (13... Qc8
14. Qc4 Ne6 15. b4 {Wojtkiewicz,A-Horvath,Jo Debrecen 1990 CBM/20}) 14. Qc4 b6
15. b4 Ne5 16. Qa2 Qe7 17. bxc5 Qxc5 18. a4 Qc4 19. Rb3 Na6 20. Qb1 Qc8 21. a5
Nc4 22. axb6 axb6 23. Qa2 Rd7 24. Na4 Rc7 25. Qb1 Nc5 26. Nxb6 Qa6 $1 27. Rb4 (
27. Nxc4 Nxb3) 27... Nxb6 28. Rxb6 Qxe2 29. Rb8 Rcc8 30. Rxc8 Rxc8 31. Qc2 Bd4
32. Bb2 Bxb2 33. Qxb2 Nd3 34. Qd4 Rc1 35. Qe3 Qxe3 1/2-1/2

[Event "Alekhine Memorial"]
[Site "Moscow"]
[Date "1992.??.??"]
[Round "?"]
[White "Salov, Valery"]
[Black "Timman, Jan H"]
[Result "1-0"]
[WhiteElo "2655"]
[BlackElo "2665"]
[Annotator "Ribli,Z"]
[PlyCount "121"]
[EventDate "1992.11.??"]
[EventType "tourn"]
[EventRounds "7"]
[EventCountry "RUS"]
[EventCategory "18"]
[SourceTitle "CBM 033"]
[Source "ChessBase"]
[SourceDate "1993.04.01"]
[SourceVersion "1"]
[SourceVersionDate "1993.04.01"]
[SourceQuality "1"]

1. Nf3 Nf6 2. c4 c5 3. Nc3 Nc6 4. g3 d5 5. d4 cxd4 6. Nxd4 dxc4 7. Nxc6 Qxd1+
8. Nxd1 bxc6 9. Bg2 Nd5 10. Ne3 e6 $6 (10... Ba6 $5 11. Nxd5 cxd5 12. Bxd5 Rc8
13. Bd2 e6 14. Be4 Bc5 15. Bc3 f6 16. e3 Ke7 17. O-O-O Bb5 18. h4 h5 19. Rd2
Ba4 20. Bf3 Bc6 21. Bxc6 Rxc6 22. Rhd1 Rd6 $10 {Hjartarson,J-Arnason,J Nordic
zt 1992 CBM/31}) 11. Nxc4 Ba6 12. b3 Bb4+ 13. Bd2 Bxd2+ 14. Kxd2 O-O-O 15. Kc2
Kc7 16. Rhc1 $1 {/\ Kb2} Bxc4 17. bxc4 Nb4+ 18. Kc3 a5 19. a3 Na6 20. Be4 $1 f5
21. Bc2 g6 22. Rd1 e5 23. h4 Nc5 24. Rxd8 Rxd8 25. h5 $14 Ne6 26. Rh1 Nd4 27.
Bd1 f4 28. gxf4 exf4 29. hxg6 hxg6 30. Rg1 Rd6 31. e3 fxe3 32. fxe3 Nf5 33. e4
Ne3 34. Be2 Kb6 35. Bd3 $1 Rd8 36. e5 Kc5 (36... Re8 37. Rg5 Nf5 38. Rxg6 Rxe5
39. Rg5 $18) 37. e6 Kd6 38. e7 $1 Re8 (38... Kxe7 39. Re1 $18) 39. Rxg6+ Kxe7
40. Rxc6 Rd8 41. Rc5 Ke6 42. a4 Rd6 43. Be4 Nd1+ 44. Kb3 Ne3 45. Kc3 Nd1+ 46.
Kb3 Ne3 47. Bh7 Rb6+ 48. Kc3 Nd1+ 49. Kd4 Rd6+ 50. Rd5 Rxd5+ 51. cxd5+ Kd6 52.
Be4 Nf2 53. Bf3 Nh3 54. Kc4 Nf4 55. Bh1 $1 Ne2 56. Kb5 Nd4+ 57. Kxa5 Kc5 58.
Ka6 Nb3 59. a5 Nd4 60. Kb7 Nb5 61. a6 1-0

[Event "FIDE-Wch k.o."]
[Site "Tripoli"]
[Date "2004.06.21"]
[Round "2.1"]
[White "Filippov, Valerij"]
[Black "Van Wely, Loek"]
[Result "1-0"]
[WhiteElo "2639"]
[BlackElo "2651"]
[Annotator "Ribli,Z"]
[PlyCount "65"]
[EventDate "2004.06.19"]
[EventType "k.o."]
[EventRounds "7"]
[EventCountry "LBY"]
[SourceTitle "CBM 102"]
[Source "ChessBase"]
[SourceDate "2004.09.23"]
[SourceVersion "1"]
[SourceVersionDate "2004.09.23"]
[SourceQuality "1"]

1. Nf3 c5 2. c4 Nf6 3. Nc3 d5 {Dieser Zug ist heutzutage weniger populär, aber
nach meiner persönlichen Meinung bietet er Schwarz ausgezeichnete
Ausgleichschancen.} 4. cxd5 Nxd5 5. e4 {Das ist die agressivste und
prinzipiellste Fortsetzung, aber die Alternativen 5.e3, 5.g3 und 5.d4 werden
auch gespielt.} Nb4 6. Bc4 Nd3+ 7. Ke2 Nf4+ 8. Kf1 Ne6 {Beide Spieler stehen
schlecht - sagen wir witzig in solchen Stellungen - Weiß kann nicht rochieren
und das Feld d4 ist schwach in seiner Stellung, während Schwarz
Entwicklungsprobleme hat und der e6N unglücklich steht.} 9. b4 {Dieses
positionelles Bauernopfer ist die beste Möglichkeit für Weiß, die Alternative
ist 9.Ne5.} cxb4 {Schwarz nimmt den Bauern, aber das "Gegenopfer" 9...g6!? 10.
Bxe6 Bxe6 11.bxc5 Bg7 kommt auch stark in Betracht.} (9... g6 $5 10. Bxe6 Bxe6
11. bxc5 Bg7 12. d4 Nc6 13. Be3 Qa5 14. Rc1 O-O-O 15. h3 f5 $5 16. exf5 (16.
Kg1 f4 17. Bxf4 Nxd4 18. Nd5 Bxd5 19. exd5 Rxd5 20. Nxd4 Bxd4 21. Qg4+ Rf5 22.
Bg3 Qd2 {1/2-1/2 Sasikiran,K-Ezat,M/Dos Hermanas 2004/CBM 99 ext (35)}) 16...
gxf5 17. Kg1 Rhf8 18. Qe2 Bg8 19. Kh2 Qc7+ 20. Kg1 Qa5 21. Kh2 Qc7+ 22. Kg1 Qa5
{1/2-1/2 Agrest,E-Svensson,B/Gothenburg SWE 2004/(22)}) 10. Ne2 $5 Nc7 11. d4
$44 {Weiß hat ein sehr starkes Bauernzentrum und Angriffsmöglichkeiten,
Schwarz hat Entwicklungsprobleme.} e6 12. h4 $5 {[%cal Gh4h5,Gh1h3,Gh3g3] Mit
diesem agressivem Zug möchte Weiß h4-h5 vorbereiten und Rh3-Rg3 spielen.} Nd7 {
Obwohl diese Springerentwicklungszug logisch aussieht, scheint mir 12...b5 und
13...Bb7 stärker zu sein.} (12... Bd6 13. h5 h6 14. Rh4 Nd7 15. Bb2 Be7 16. Rh3
$44 {1-0 Huebner,R-Tukmakov,V/Wijk aan Zee 1984/MCL/[Bulletin] (36)}) (12... b5
13. Bd3 Bb7 14. h5 $44 {Weiß hat ein starkes Bauernzentrum und Initiative am
Königsflügel.} (14. Bf4 Bd6 15. Bg5 f6 16. Be3 Nd7 17. h5 O-O 18. Rh3 Re8 19.
Qc2 Nf8 20. Rd1 Rc8 21. Qb1 a6 22. Kg1 Na8 23. e5 Be7 24. Nf4 {1-0 Noroozi,
O-Ardeshi,M/Mashad 2003/CBM 96 ext (39)}) 14... h6 15. Rh4 $6 (15. Bb2 Be7 16.
Rh3 $44 {[%cal Gh3g3,Gg3g7]}) 15... Nd7 16. Bf4 a6 $13 17. Nc1 {[%cal Gc1b3]}
e5 $1 $15 {1-0 Loginov,V-Van Wely,L/Moscow 2002/CBM 88/[Ribli] (37)}) 13. h5 {
[%cal Gh5h6][%mdl 4]} (13. Bg5 Be7 14. Rc1 Nb6 15. Bd3 f6 16. Bf4 Na6 17. h5
O-O 18. Qb3 Bd7 19. Ng3 Kh8 20. Nh4 {1-0 Kasparov,G-Gruenberg,R/Hamburg 1985/
MCL (50) Ribli:}) 13... h6 14. Bf4 {Weiß hat eine ausgezeichnete
Figurenentwicklung und großen Raumvorteil.} Nb6 15. Bd3 Bd7 (15... Bd6 16. Ne5
$44) 16. Ne5 Ba4 17. Qd2 Be7 18. Rh3 $36 {[%cal Gh3g3,Gg3g7]} Nb5 (18... O-O $2
19. Bxh6 $16 {[%csl Rg8]}) 19. Rg3 Nxd4 (19... Kf8 20. Qb2 $44 {[%cal Gb2g7,
Gg3g7]}) 20. Rxg7 (20. Nxd4 $2 Qxd4 21. Rc1 Bd6 $17) 20... Rf8 21. Rc1 Bf6 (
21... Nc6 22. Rh7 $36) 22. Rg3 (22. Rh7 $36) 22... Nxe2 23. Qxe2 {[%cal Gd3b5,
Gb5e8] Schwarz muss nun mit 24.Bb5+ rechnen.} Bxe5 24. Bxe5 $16 {[%csl Gd3,Ge5,
Re8,Gg3,Rh6][%mdl 2048] Weiß hat mehr als ausreichende Kompensation für den
Bauern - sein Läuferpaar ist aktiv, der gegnerische König steht in der Mitte
und der h6P ist auch schwach.} Rc8 25. Rxc8 Nxc8 $6 (25... Qxc8 26. Qe3 $16 {
[%csl Rh6][%cal Re3h6]}) 26. Bg7 {[%cal Rg7f8,Rg7h6] Weiß gewinnt schon
Material.} Qa5 (26... Rg8 27. Bf6 $18) 27. Bxf8 Kxf8 28. Qd2 $18 {[%cal Rd2h6,
Rh6f8]} Ne7 (28... Qxh5 29. Qxb4+ $18) (28... Ke7 29. Qxh6 $18) 29. Qxh6+ Ke8
30. Qg5 Qb6 31. h6 Ng6 32. h7 Qd4 33. Kg1 1-0